| 000 | 00527nam a2200193Ia 4500 | ||
|---|---|---|---|
| 008 | 131103s9999 xx 000 0 und d | ||
| 020 | _a0 224 00580 4 | ||
| 040 | _aLoreto College | ||
| 041 | _aEnglish | ||
| 082 |
_a954.02/GAS _bLCLIB/20499 |
||
| 100 | _aGascoigne, Bamber | ||
| 245 | 4 |
_aThe great moghuls _cBamber Gascogine |
|
| 260 |
_aNew Delhi _bB.I.Publications _c1971 |
||
| 300 |
_a264p _c 24cm |
||
| 504 | _aIncludes bibilography & index | ||
| 650 | _aIndian history | ||
| 850 | _aLCLIB/954.02/GAS | ||
| 942 | _cBK | ||
| 999 |
_c24848 _d75327 |
||